Conversion revisited : (Registro nro. 70394)
[ vista simple ]
| 000 -LÍDER | |
|---|---|
| Campo fijo de descripción fija | 01329nab a2200241 i 4500 |
| 001 - NÚMERO DE CONTROL | |
| Campo de control | 768714001 |
| 003 - IDENTIFICADOR DEL NÚMERO DE CONTROL | |
| Campo de control | CO-MdFUSB |
| 005 - FECHA Y HORA DE LA ULTIMA TRANSACCIÓN | |
| control field | 20240627100317.0 |
| 008 - ELEMENTOS DE LONGITUD FIJA -- INFORMACIÓN GENERAL | |
| Campo fijo de descripción fija -- Información general | 240627t1997 us ||||| |||| 00| 0 eng d |
| 040 ## - FUENTE DE CATALOGACIÓN | |
| Idioma de catalogación | spa |
| Agencia que realiza la transcripción | CO-MdFUSB |
| Agencia que realiza la modificación | CO-MdFUSB |
| 041 ## - CÓDIGO DE IDIOMA | |
| Código de idioma para texto/pista de sonido o título separado | eng |
| 100 ## - ASIENTO PRINCIPAL--NOMBRE PERSONAL | |
| Nombre personal | Spindler, Marc, |
| Término relacionador | autor |
| 245 1# - TÍTULO | |
| Título | Conversion revisited : |
| Subtitulo | present understanding of a classic missionary motive |
| Mención de responsabilidad | / Marc R. Spindler |
| 520 ## - NOTA DE RESUMEN, ETC. | |
| Nota de sumario, etc. | Si bien los estudiosos de la misión se han vuelto reacios a abordar el problema de la conversión al cristianismo, los historiadores y antropólogos culturales dedican cada vez más estudios de casos y teorías generales a este tema. Destacan las dimensiones sociales de la conversión, interpretada básicamente como un progreso hacia la modernidad. El presente artículo defiende un compromiso renovado con un enfoque misiológico genuino de la conversión cristiana en su realidad personal y eclesial. |
| 546 ## - NOTA DE IDIOMA | |
| Nota de idioma | Texto en inglés. |
| 650 #0 - ASIENTO SECUNDARIO DE MATERIA - TERMINO TEMÁTICO | |
| Término temático o nombre geográfico como elemento de entrada | Conversión |
| 9 (RLIN) | 950 |
| 650 #0 - ASIENTO SECUNDARIO DE MATERIA - TERMINO TEMÁTICO | |
| Término temático o nombre geográfico como elemento de entrada | Vida cristiana |
| 9 (RLIN) | 19 |
| 650 #0 - ASIENTO SECUNDARIO DE MATERIA - TERMINO TEMÁTICO | |
| Término temático o nombre geográfico como elemento de entrada | Teología práctica |
| 9 (RLIN) | 180 |
| 650 #7 - ASIENTO SECUNDARIO DE MATERIA - TERMINO TEMÁTICO | |
| Término temático o nombre geográfico como elemento de entrada | Antropología cultural y social |
| 9 (RLIN) | 6714 |
| 773 0# - ASIENTO DE ITEM FUENTE | |
| Biblionumber | 49486 |
| Itemnumber | 61111 |
| Lugar, editorial y fecha de publicación | Pasadena |
| Otro identificador del ítem | R0903 |
| Título | Missiology: |
| Número de control del registro | (CO-MdFUSB)97 |
| Parte(s) relacionada(s) / Volumen., número. (mes año), páginas | Volumen 25, (3, 1997) páginas: 293 - 305 |
| Enumeración y primera página | página: 293 |
| 942 ## - TIPO DE MATERIAL (KOHA) | |
| Tipo de Item KOHA | Artículos de Revista |
| 945 ## - INFORMACIÓN LOCAL DEL REGISTRO | |
| Catalogador | Catherine Arias Álvarez - Practicante SENA |
No hay ítems disponibles.
